000 00448nam a2200157Ia 4500
008 210716s2002 xx 000 0 und d
020 _a8120319958
041 _aeng
082 _a005.1331 HEND
100 _aHenkemans, Dirk; Lee, Mark.
245 _aC++ programming: for the absolute beginner.
_bFor the absolute beginner.
250 _a1
260 _aNew Delhi
_bPHI Learning Pvt Ltd
_c2002
300 _axxiii,455
650 _aC++ Progamming
999 _c188630
_d188630